| 000 | 00894nam a2200313 4500 | ||
|---|---|---|---|
| 001 | 3714378 | ||
| 003 | ARRUPE | ||
| 005 | 20160927093350.0 | ||
| 008 | 720104s1971 enk b 000 0 eng | ||
| 010 | _a 79876520 | ||
| 015 | _aB71-12179 | ||
| 020 | _a0722006195 | ||
| 040 |
_aDLC _cDLC _dDLC |
||
| 043 | _af------ | ||
| 050 | 0 | 0 |
_aBV3500 _b.H34 |
| 082 | 0 | 0 | _a266.2/67 |
| 100 | 1 |
_aHastings, Adrian. _926190 |
|
| 245 | 1 | 0 | _aMission and ministry. |
| 260 |
_aLondon, _bSheed and Ward, _c1971. |
||
| 300 |
_aix, 214 p. _c20 cm. |
||
| 350 | _a£1.65 | ||
| 490 | 0 | _aSheed and Ward stagbooks | |
| 504 | _aIncludes bibliographical references. | ||
| 650 | 0 |
_aMissions _zAfrica. _926191 |
|
| 650 | 0 |
_aChurch and social problems _zAfrica. _926192 |
|
| 650 | 0 |
_aPastoral theology _xCatholic Church. _926193 |
|
| 906 |
_a7 _bcbc _corignew _d3 _encip _f19 _gy-gencatlg |
||
| 942 |
_2lcc _cMONOGRAPH |
||
| 999 |
_c125347 _d125347 |
||